Statistics for Bon Jovi Songs on the Billboard Hot 100 (USA)

Click here to take the quiz!

General Stats

  • This quiz has been taken 228 times
    (205 since last reset)
  • The average score is 12 of 25

Answer Stats

Peak Chart Position, YearAnswer% Correct
1, 1987Livin' on a Prayer
95%
33, 2000It's My Life
83%
1, 1986You Give Love a Bad Name
82%
4, 1994Always
77%
1, 1988Bad Medicine
75%
10, 1993Bed of Roses
72%
7, 1987Wanted Dead or Alive
72%
39, 1984Runaway
70%
1, 1989I'll Be There For You
62%
53, 2005Have a Nice Day
55%
29, 1992Keep the Faith
55%
3, 1989Born to Be My Baby
54%
7, 1989Lay Your Hands On Me
48%
14, 1995This Ain't a Love Song
37%
68, 2009We Weren't Born to Follow
36%
27,1993In These Arms
34%
69, 1985In an Out of Love
33%
9, 1989Living in Sin
32%
23, 2006Who Says You Can't Go Home
29%
97, 1993I'll Sleep When I'm Dead
26%
76, 1995Lie to Me / Something For the Pain
23%
57, 2001Thank You For Loving Me
23%
27, 2007(You Want To) Make a Memory
22%
48, 1984She Don't Know Me
21%
54, 1985Only Lonely
20%

Score Distribution

Percentile by Number Answered

Percent of People with Each Score

Your Score History

You have not taken this quiz since the last reset